Alle Gemeinden des Landkreis München - Statistiken

Allgemein
  • Dieses Quiz wurde 24 mal gespielt
  • Das Durchschnittsergebnis liegt bei 13 aus 29
Antwortstatistiken
Hint Antwort % Korrekt
O Ottobrunn
75%
U Unterhaching
70%
G Grünwald
65%
H Haar
65%
U Unterschleißheim
65%
G Garching
60%
O Oberhaching
60%
O Oberschleißheim
60%
I Ismaning
55%
U Unterföhring
55%
A Aying
45%
F Feldkirchen
45%
P Pullach
45%
G Gräfelfing
40%
G Grasbrunn
40%
H Hohenbrunn
40%
H Höhenkirchen
40%
K Kirchheim
40%
P Putzbrunn
40%
A Aschheim
35%
T Taufkirchen
35%
N Neubiberg
30%
S Sauerlach
30%
B Baierbrunn
25%
B Brunnthal
25%
N Neuried
25%
P Planegg
25%
S Straßlach
20%
S Schäftlarn
15%
Keine übereinstimmenden Quizze gefunden
Verteilung der Resultate
Anzahl Personen mit jedem Resultat
Perzentil nach korrekt beantworteten Fragen
Ihre Resultats-Entwicklung
Sie haben dieses Quiz noch nicht gespielt